000 00586nam a2200157 i 4500
001 182228
003 ES-MaACL
005 20230906221547.0
008 130719s1883 bl |||| | por d
245 0 2 _aA festa litteraria per occasiao de fundar-se na capital do imperio a AssociaƧao dos Homens de Lettras do Brazil /
_c.
260 _aRio de Janeiro :
_b[s.n.],
_c1883 (
_fTyp. Nacional)
300 _aXXVI, 163, 12 p. ;
_c24 cm.
594 _aPrecede al tit.: 30 de agosto de 1883.
610 2 4 _aAssociaƧao dos Hommes de Lettras do Brazil.
_9153052
852 _aES-MaACL
_jT-841-F-1
999 _c182228
_d182228